000 01392nam0a22002771 4500
001 rc\3638930
005 20260405115202.0
021 _aRU
_b[71-69717]
035 _a(NLR Aleph) 007828378
090 _a7766978
_c7766978
100 _a20130115d1971 |||y0rusy50 ca
101 0 _arus
102 _aRU
105 _ay cj |||||
200 1 _aМетодические указания по укреплению норок методами селекции
_fМ-во сел. хоз-ва РСФСР. Гл. упр. с.-х. науки и пропаганды. Науч.-исслед. ин-т пушного звероводства и кролиководства
210 _aМосква
_cБ. и.
_d1971
215 _a38 с.
_cграф.
_d20
300 _aНа обороте тит. л.: подгот. канд. биол. наук Г.А. Кузнецов
606 _aНорка
_xСелекция
_2psbo
702 1 _4570
_8rus
_7ca
_aКузнецов
_bГ. А.
_cд-р с.-х. наук, канд. биол. наук
_f1920-2017
_gГеоргий Алексеевич
_3RU\NLR\AUTH\7745607
_928543
712 0 2 _aНаучно-исследовательский ин-т звероводства и кролиководства (ст. Удельная, Моск.-Рязан. ж.д.)
801 0 _aRU
_bNLR
_gpsbo
801 1 _aRU
_bELAR
_2rusmarc
852 _aNLR
_j71-4/14739
942 _cBOOK
980 _aNB